000 00398nam a2200157Ia 4500
003 GCL
008 140319s9999 xx 000 0 eng d
040 _aGCL /
_cGCL
082 0 4 _a615.822
_bL L
100 1 _aLACROIX, NITYA
245 1 0 _aLEARN MASSAGE IN A WEEKEND /
_cLACROIX, NITYA
260 _a[S.N] :
_bDORLING KINDERSLEY ،
_c1993
300 _a95 P
650 0 4 _aMASSAGE
942 _2ddc
_cBK
999 _c18893
_d18893